Tampico International Airport Destinations (Tampico, Mexico) - Map - Statistics

General Stats
  • This quiz has been taken 16 times
  • The average score is 6 of 7
Answers on the Map
Answers color-coded by a green-red scale on the quiz's map according to % correct below.
 
Answer Stats
Destination % Correct
Cancún
92%
Dallas/Fort Worth
92%
Houston (Intercontinental)
92%
Mexico City
92%
Mexico City (AIFA)
92%
Monterrey
83%
Villahermosa
25%
No matching quizzes found
Score Distribution
Percent of People with Each Score
Percentile by Number Answered
Your Score History
You have not taken this quiz